A wise decision? When are building operations 'substantially completed'? (Record no. 73587)
[ view plain ]
| 000 -LEADER | |
|---|---|
| fixed length control field | 01454cam a2200253 4500 |
| 001 - CONTROL NUMBER | |
| control field | ABS67184 |
| 008 - FIXED-LENGTH DATA ELEMENTS--GENERAL INFORMATION | |
| fixed length control field | 031010n2003 000 0 eng u |
| 035 ## - SYSTEM CONTROL NUMBER | |
| System control number | (Sirsi) u123896 |
| 100 ## - MAIN ENTRY--PERSONAL NAME | |
| Personal name | Harper, J. |
| 245 #2 - TITLE STATEMENT | |
| Title | A wise decision? When are building operations 'substantially completed'? |
| 260 ## - PUBLICATION, DISTRIBUTION, ETC. | |
| Date of publication, distribution, etc. | 2003 |
| 490 ## - SERIES STATEMENT | |
| Series statement | Journal of Planning and Environment Law |
| Volume/sequential designation | October 2003, 1226-1233(8) |
| 520 ## - SUMMARY, ETC. | |
| Summary, etc. | Criticises the HL decision in "Sage v SoS and Others" [2003] UKHL 22, [2003] 1 WLR 983 with regards to the interpretation of the Town and Country Planning Act s171(B) (as amended). The HL in overturning the HC [2000] EGCS 112 and CA [2001] EWCA Civ 100, [2002] 1 P&CR 493 upheld the Inspector's decision that as the building for which an enforcement notice had been served was in the course of construction, s171(B) did not apply in this instance. S171(B) only applied where a building had been substantially completed. Looks at the construction of s171(B) in some depth and the relevance of a 'substantially 'completed' building. Analyses the HL decision and the reasoning behind it. |
| 590 ## - LOCAL NOTE (RLIN) | |
| Local note | ABS |
| 650 ## - SUBJECT ADDED ENTRY--TOPICAL TERM | |
| Topical term or geographic name entry element | TOWN AND COUNTRY PLANNING ACT 1990 S171(B) |
| 650 ## - SUBJECT ADDED ENTRY--TOPICAL TERM | |
| Topical term or geographic name entry element | SUBSTANTIALLY COMPLETED |
| 650 ## - SUBJECT ADDED ENTRY--TOPICAL TERM | |
| Topical term or geographic name entry element | ENFORCEMENT NOTICES |
| 650 ## - SUBJECT ADDED ENTRY--TOPICAL TERM | |
| Topical term or geographic name entry element | TIME LIMITS |
| 650 ## - SUBJECT ADDED ENTRY--TOPICAL TERM | |
| Topical term or geographic name entry element | PLANNING CONTROL |
| 650 ## - SUBJECT ADDED ENTRY--TOPICAL TERM | |
| Topical term or geographic name entry element | SAGE V SOS ENVIRONMENT AND OTHERS |
| 650 ## - SUBJECT ADDED ENTRY--TOPICAL TERM | |
| Topical term or geographic name entry element | BUILDING OPERATIONS |
| 690 ## - LOCAL SUBJECT ADDED ENTRY--TOPICAL TERM (OCLC, RLIN) | |
| Topical term or geographic name as entry element | Planning and development |
| 9 (RLIN) | 6259 |
| 942 ## - ADDED ENTRY ELEMENTS (KOHA) | |
| Suppress in OPAC | 0 |
| Withdrawn status | Lost status | Source of classification or shelving scheme | Damaged status | Not for loan | Home library | Current library | Shelving location | Date acquired | Total Checkouts | Full call number | Barcode | Date last seen | Copy number | Price effective from | Koha item type |
|---|---|---|---|---|---|---|---|---|---|---|---|---|---|---|---|
| Dewey Decimal Classification | London | London | Journal article | 10/10/2003 | ABS67184 | 123896-1001 | 06/08/2019 | 1 | 06/08/2019 | Journal article |